| 000 | 02073cam a22003977a 4500 | ||
|---|---|---|---|
| 001 | 15876686 | ||
| 005 | 20100223070420.0 | ||
| 008 | 090821s2010 paua |rb 001 0 eng d | ||
| 010 | _a 2009280720 | ||
| 015 |
_aGBA939809 _2bnb |
||
| 016 | 7 |
_a015117313 _2Uk |
|
| 020 | _a9781605472379 (pbk.) | ||
| 020 | _a1605472379 (pbk.) | ||
| 035 | _a(OCoLC)ocn244418543 | ||
| 040 |
_aBTCTA _cBTCTA _dBAKER _dYDXCP _dUKM _dMMU _dMEU _dDLC |
||
| 042 | _alccopycat | ||
| 050 | 0 | 0 |
_aRD93 _b.W683 2010 |
| 082 | 0 | 4 |
_a617.1 _222 _bWOU |
| 245 | 0 | 0 |
_aWound Care : _bAn Incredibly Visual! Pocket guide/ _cLippincott Williams & Wilkins |
| 260 |
_aPhiladelphia, Pa. : _bWolters Kluwer/Lippincott Williams & Wilkins, 2010 _cc2010. |
||
| 300 |
_av, 314 p. : _bcol. ill. ; _c21 cm. |
||
| 490 | 1 | _aIncredibly Visual | |
| 504 | _aIncludes bibliographical references (p. 305-306) and index. | ||
| 505 | 0 | _aSkin anatomy and physiology -- Wound healing -- Wound assessment -- Wound care procedures -- Acute wounds -- Pressure ulcers -- Vascular ulcers -- Diabetic foot ulcers -- Malignant wounds -- Atypical wounds -- Wound care products. | |
| 650 | 0 |
_aWounds and injuries _vHandbooks, manuals, etc. _912099 |
|
| 650 | 0 |
_aWounds and injuries _xTreatment _vHandbooks, manuals, etc. _912100 |
|
| 650 | 1 | 2 |
_aWounds and Injuries _xnursing _vHandbooks. _912101 |
| 650 | 2 | 2 |
_aWound Healing _xphysiology _vHandbooks. _912102 |
| 650 | 2 | 2 |
_aWounds and Injuries _xtherapy _vHandbooks. _912103 |
| 710 |
_912098 _aLippincott Williams & Wilkins. |
||
| 830 | 0 |
_aIncredibly visual. _912104 |
|
| 942 |
_2ddc _cNRB |
||
| 999 |
_c13553 _d13553 |
||